La société de banque Suisse à l'heure actuelle

保存先:
書誌詳細
第一著者: Staehelin, Max
フォーマット: 図書
言語:Undetermined
出版事項: Suisse Société de Banque Suisse 1976
主題:
タグ: タグ追加
タグなし, このレコードへの初めてのタグを付けませんか!
Thư viện lưu trữ: Trung tâm Học liệu Trường Đại học Cần Thơ
LEADER 00507nam a2200181Ia 4500
001 CTU_99273
008 210402s9999 xx 000 0 und d
082 |a 332.1 
082 |b S778 
100 |a Staehelin, Max 
245 0 |a La société de banque Suisse à l'heure actuelle 
245 0 |c Max Staehelin 
260 |a Suisse 
260 |b Société de Banque Suisse 
260 |c 1976 
650 |a Swiss bank corporation 
904 |i Giang 
980 |a Trung tâm Học liệu Trường Đại học Cần Thơ